| 000 | 00587nam a2200205Ii 4500 | ||
|---|---|---|---|
| 003 | JO-AjNU | ||
| 008 | 230606s9999||||xx |||||||||||||| ||und|| | ||
| 020 | _a978--93-5111-432-1 | ||
| 040 |
_aJO-AjNU _beng _erda _cJO-AjNU |
||
| 041 | _aeng | ||
| 050 | 1 | 4 | _aTA805.2014 |
| 100 | 3 |
_aTrivedi, Nimish, _eauthor _93989 |
|
| 245 | 0 | 0 | _aTunnel Engineering |
| 264 | 3 | 1 | _aNew Delhi:Random pub,2014 |
| 300 |
_a304p _bصور توضيحية |
||
| 336 |
_atext _btxt _2rdacontent |
||
| 337 |
_aunmediated _bn _2rdamedia |
||
| 338 |
_avolume _bnc _2rdacarrier |
||
| 650 | 4 |
_aTunnel Engineering _93990 |
|
| 999 |
_aE2078 _c2077 _d2077 |
||